Trace the Route of Solar Impulse's circumnavigation on a map - Statistics

General Stats
  • This quiz has been taken 101 times
    99 since last reset
  • The average score is 6 of 17
Answers on the Map
Answers color-coded by a green-red scale on the quiz's map according to % correct below.
 
Answer Stats
Étape Ville % Correct
2 Muscat
97%
9 Honolulu
52%
10 San Francisco
52%
11 Phoenix
51%
15 New York
41%
3 Ahmedabad
38%
12 Tulsa
37%
17 Cairo
33%
6 Chongqing
30%
5 Mandalay
30%
8 Nagoya
30%
18 Abu Dhabi
25%
7 Nanjing
25%
16 Seville
25%
13 Dayton
16%
4 Varanasi
16%
14 Lehigh Valley
4%
No matching quizzes found
Score Distribution
Percent of People with Each Score
Percentile by Number Answered
Your Score History
You have not taken this quiz since the last reset